[Event "ch-GBR KO 2017"]
[Site "London ENG"]
[Date "2017.12.03"]
[Round "2.4"]
[White "McShane,L"]
[Black "Short,N"]
[Result "1/2-1/2"]
[WhiteElo "2640"]
[BlackElo "2678"]

1.e4 e5 2.Nf3 Nc6 3.Bb5 a6 4.Ba4 Nf6 5.O-O Be7 6.Bxc6 dxc6 7.d3 Nd7 8.Nc3 O-O
9.Kh1 Re8 10.Ng1 Nf8 11.Nge2 Ng6 12.f4 exf4 13.Nxf4 Bd6 14.Nxg6 hxg6 15.Qf3 Be6
16.Bf4 g5 17.Bg3 Bxg3 18.Qxg3 Qe7 19.e5 Rad8 20.Ne4 g4 21.Rae1 c5 22.Qf4 Rd4
23.c3 Rxd3 24.Nf6+ Kf8 25.Nh7+ Kg8 26.Nf6+ Kf8 27.Qe4 Qd8 28.Qh7 Rd2 29.Qh8+ Ke7
30.Qxg7 Rh8 31.Ne4 Rd5 32.Ng5 Qg8 33.Nxe6 Kxe6 34.Qf6+ Kd7 35.Qf5+ Ke7 36.Rd1 c6
37.Qf6+ Ke8 38.Rxd5 cxd5 39.Qd6 Qh7 40.Qb8+ Ke7 41.Qxb7+ Ke6 42.Qc6+ Kxe5
43.Re1+ Kf5 44.Qxd5+ Kg6 45.Qe4+ f5 46.Qf4 Qd7 47.Qg3 Re8 48.Rf1 Re2 49.h3 Rxb2
50.hxg4 fxg4 51.Qe5 Rb6 52.Qxc5 Rc6 53.Qe5 Qe6 54.Qxe6+ Rxe6 55.Kh2 Re2 56.Rf4 Rxa2
57.Rxg4+ Kf5 58.Rc4 a5 59.Kh3 a4 60.g4+ Kg6 61.Rc6+ Kg7 62.Kh4 a3 63.Rc7+ Kg6
64.Rc6+ Kg7 65.Kg5 Rc2 66.Rc7+ Kf8 67.Kf6 Rf2+ 68.Kg6 a2 69.Ra7 Rc2 70.g5 Rg2
71.c4 Ke8 72.Kf6 Rf2+ 73.Kg6 Rg2 74.c5 Kd8 75.Kf6 Kc8 76.g6 Kb8 77.Ra5 Kb7
78.g7 Rf2+ 79.Kg6 Rg2+ 80.Kf7 Rf2+ 81.Kg8 Rg2 82.Kf7 Rf2+ 83.Ke6 Rg2 84.Rxa2 Rxg7
85.Kd5 Rd7+ 86.Kc4 Rd1 87.Rh2 Rc1+ 88.Kb5  1/2-1/2

[Event "ch-GBR KO 2017"]
[Site "London ENG"]
[Date "2017.12.03"]
[Round "2.2"]
[White "McShane,L"]
[Black "Short,N"]
[Result "1/2-1/2"]
[WhiteElo "2640"]
[BlackElo "2678"]

1.e4 e5 2.Nf3 Nc6 3.Bb5 a6 4.Ba4 d6 5.O-O Bd7 6.c3 g6 7.d4 Bg7 8.Re1 Nge7
9.Be3 O-O 10.Nbd2 h6 11.dxe5 Nxe5 12.Nxe5 dxe5 13.b4 b6 14.Bxd7 Qxd7 15.a4 f5
16.f3 f4 17.Bf2 Rfd8 18.Qb3+ Kh7 19.Red1 Qe8 20.a5 b5 21.Qa2 Ng8 22.Nb3 Qf7
23.Qc2 Bf8 24.Bc5 Bd6 25.Rd2 Rd7 26.Rad1 Rad8 27.Bf2 Nf6 28.h3 Kg8 29.Rd3 g5
30.Kf1 Qe6 31.Ke1 h5 32.R1d2 Kf7 33.Kd1 g4 34.hxg4 hxg4 35.Kc1 g3 36.Bg1 Ke8
37.Kb2 Qc4 38.Bc5 Kf7 39.Qd1 Qe6 40.Qg1 Bf8 41.Rxd7+ Rxd7 42.Bxf8 Rxd2+ 43.Nxd2 Kxf8
44.Qc5+ Qd6 45.c4 Qxc5 46.bxc5 c6 47.Kc3 Ke7 48.Kb4 Kd7 49.Kc3 Nh7 50.Nb3 Ng5
51.Nc1 Ke7 52.Kb4 Ke6 53.Kc3 Kf6 54.Kb4 Ne6 55.Nd3 Nd4 56.Ne1 Ke6 57.Kc3 Ke7
58.Kb4 Ke6  1/2-1/2

[Event "18th BCC Open 2018"]
[Site "Cha-Am THA"]
[Date "2018.04.13"]
[Round "1.2"]
[White "Short,N"]
[Black "Welsh,M"]
[Result "1-0"]
[WhiteElo "2662"]
[BlackElo "1985"]

1.Nc3 d5 2.d4 Nf6 3.Bf4 a6 4.e3 e6 5.g4 c5 6.g5 Nfd7 7.a3 Nc6 8.Nf3 b5 9.h4 Be7
10.Ne2 cxd4 11.Nexd4 Qb6 12.h5 Nxd4 13.exd4 f6 14.c3 Ra7 15.Bh3 O-O 16.g6 e5
17.gxh7+ Kh8 18.Be3 exd4 19.Nxd4 Bc5 20.b4  1-0

[Event "18th BCC Open 2018"]
[Site "Cha-Am THA"]
[Date "2018.04.14"]
[Round "2.2"]
[White "Hiebert,Kenji"]
[Black "Short,N"]
[Result "0-1"]
[WhiteElo "2179"]
[BlackElo "2662"]

1.Nf3 d6 2.d4 Bg4 3.e4 Nf6 4.Bd3 e5 5.c3 Nbd7 6.O-O Be7 7.Re1 O-O 8.Bg5 h6
9.Bh4 Nh7 10.Bxe7 Qxe7 11.Be2 Bh5 12.Nbd2 Bg6 13.a4 a5 14.Bd3 Rfe8 15.Nf1 Ng5
16.Nxg5 Qxg5 17.Qc2 h5 18.Nd2 h4 19.g3 Qf6 20.dxe5 dxe5 21.Nc4 Nc5 22.Rad1 Red8
23.Re3 Rxd3 24.Rdxd3 Nxd3 25.Qxd3 b6 26.Qd5 Rd8 27.Qxe5 h3 28.Kf1 Rd1+ 29.Ke2 Qd8
30.Qb5 Rh1 31.Rd3 Qa8 32.Rd4 Bxe4 33.Nd2 Bg6 34.Qd7 c5 35.Rd6 Rxh2 36.Qe7 Rxf2+
37.Kxf2 Qg2+ 38.Ke1 Qxg3+ 39.Kd1 h2 40.Rd8+ Kh7  0-1

[Event "18th BCC Open 2018"]
[Site "Cha-Am THA"]
[Date "2018.04.15"]
[Round "3.2"]
[White "Short,N"]
[Black "Batchimeg,Tuvshintugs"]
[Result "1/2-1/2"]
[WhiteElo "2662"]
[BlackElo "2391"]

1.e4 e6 2.d4 d5 3.Nc3 Nf6 4.Bg5 dxe4 5.Nxe4 Be7 6.Bxf6 Bxf6 7.Nf3 Nd7 8.Bc4 Be7
9.Qe2 O-O 10.O-O-O c5 11.h4 cxd4 12.Rxd4 Qc7 13.Neg5 Bf6 14.Qe4 g6 15.h5 Nc5
16.Qh4 b5 17.Bxb5 Bxd4 18.Nxd4 f6 19.hxg6 fxg5 20.Qxh7+ Qxh7 21.Rxh7 Rf6
22.Be8 Bb7 23.Bf7+ Rxf7 24.Rxf7 Bxg2 25.b4 Rd8 26.Nb5 Nd7 27.Nxa7 Ne5 28.Rc7 Nxg6
29.b5 Nf4 30.a4 Nd5 31.Rc4 Ra8 32.Nc8 Bf1 33.Rc6 Rxa4 34.Rxe6 Bxb5 35.Re5 Bc6
36.Rxg5+ Kf7  1/2-1/2

[Event "18th BCC Open 2018"]
[Site "Cha-Am THA"]
[Date "2018.04.16"]
[Round "4.7"]
[White "Gukesh,D"]
[Black "Short,N"]
[Result "1-0"]
[WhiteElo "2401"]
[BlackElo "2662"]

1.Nf3 c5 2.g3 g6 3.Bg2 Bg7 4.c3 Nf6 5.d4 Na6 6.O-O O-O 7.a3 d5 8.b4 b6 9.Bf4 cxd4
10.cxd4 Nc7 11.Nc3 Bb7 12.Rc1 Rc8 13.b5 Ne4 14.Nxe4 dxe4 15.Bxc7 Rxc7 16.Ne5 Rxc1
17.Qxc1 Qxd4 18.Nc6 Bxc6 19.bxc6 Rc8 20.Qc2 f5 21.Qb3+ Kf8 22.Rd1 Qe5 23.Rd5 Qc3
24.Qxc3 Bxc3 25.g4 e6 26.Rd6 Ke7 27.Rd7+ Kf6 28.Rxa7 h6 29.c7 Be5 30.Rb7 Bxc7
31.e3 Bd8 32.h3 Ra8 33.Bf1 Rxa3 34.Rb8 Bc7 35.Rc8 Rc3 36.Kg2 g5 37.gxf5 exf5
38.Rf8+ Ke5 39.Ba6 Rc6 40.Bc8 Rf6 41.Re8+ Kd6 42.f3 exf3+ 43.Kxf3 b5 44.e4 fxe4+
45.Kxe4 b4 46.Kd3 Kd5 47.Bg4 Bd6 48.Rd8 Ke5 49.Re8+ Kd5 50.Rd8 Rf4 51.Kc2 Rf2+
52.Kb3 Rf8 53.Rd7 Ke5 54.Rh7 Rf6 55.Rh8 Bf8 56.Rh7 Ra6 57.Rh8 Ra3+ 58.Kc2 Ra2+  1-0

[Event "18th BCC Open 2018"]
[Site "Cha-Am THA"]
[Date "2018.04.17"]
[Round "5.23"]
[White "Short,N"]
[Black "Parmet,D"]
[Result "1-0"]
[WhiteElo "2662"]
[BlackElo "1883"]

1.c4 Nf6 2.Nc3 g6 3.d4 Bg7 4.e4 d6 5.Nge2 O-O 6.Ng3 e5 7.d5 Nbd7 8.Be2 Ne8
9.h4 f5 10.exf5 gxf5 11.Nh5 f4 12.g4 Bh8 13.Ne4 Nef6 14.Nhxf6+ Nxf6 15.Bf3 Rb8
16.Bd2 c6 17.Bc3 cxd5 18.Nxf6+ Qxf6 19.Bxd5+ Be6 20.Qd3 Qf7 21.O-O-O Bxd5
22.Qxd5 Qxd5 23.Rxd5 Rfc8 24.b3 b5 25.Rhd1 bxc4 26.b4 Bf6 27.Rxd6 Bxh4 28.f3 Be7
29.Rd7 Bxb4 30.Bxe5 Ba3+ 31.Kc2 Rb5 32.Rg7+ Kf8 33.Rxh7 Rxe5 34.Rh8+ Kf7
35.Rxc8 Re2+ 36.Rd2 Re3 37.Rxc4 Rxf3 38.Rdd4 Rf2+ 39.Kb3 Rf3+ 40.Ka4 Kg6
41.Rxf4  1-0

[Event "18th BCC Open 2018"]
[Site "Cha-Am THA"]
[Date "2018.04.18"]
[Round "6.12"]
[White "Short,N"]
[Black "Enkhtuul,A"]
[Result "1-0"]
[WhiteElo "2662"]
[BlackElo "2292"]

1.e4 Nf6 2.e5 Nd5 3.d4 d6 4.Nf3 Bg4 5.Be2 e6 6.O-O Be7 7.h3 Bh5 8.c4 Nb6
9.Nc3 O-O 10.Be3 N8d7 11.exd6 cxd6 12.b3 a5 13.Qd2 Nf6 14.Rfe1 h6 15.d5 e5
16.Rad1 Nc8 17.Nh4 Bxe2 18.Qxe2 Ne4 19.Nxe4 Bxh4 20.g4 b6 21.Kh2 Ne7 22.Rg1 f5
23.gxf5 Nxf5 24.Qh5 Nxe3 25.fxe3 Bf2 26.Qxh6 Bxg1+ 27.Rxg1 Qe7 28.Qg6 Qf7
29.Qxd6 b5 30.Qxe5 bxc4 31.bxc4 Rae8 32.Qd4 Re7 33.d6 Rb7 34.Nc5 Rb1 35.Rg2 Rf1
36.Ne6 Rf2 37.Nxf8 Qxf8 38.d7 Qb8+ 39.Kg1 Rxg2+ 40.Kxg2  1-0

[Event "18th BCC Open 2018"]
[Site "Cha-Am THA"]
[Date "2018.04.19"]
[Round "7.6"]
[White "Tran,Minh Thang"]
[Black "Short,N"]
[Result "0-1"]
[WhiteElo "2406"]
[BlackElo "2662"]

1.d4 Nf6 2.Bf4 b6 3.e3 Bb7 4.Nf3 d6 5.Nbd2 g6 6.h3 Bg7 7.Bd3 O-O 8.O-O Nbd7
9.e4 Nh5 10.Bg5 h6 11.Be3 e5 12.c3 exd4 13.Nxd4 Nc5 14.Bc2 Nf6 15.f3 Re8
16.b4 Ncd7 17.Ba4 Nd5 18.exd5 Rxe3 19.Ne4 Nf6 20.Qd2 Rxe4 21.fxe4 Nxe4 22.Qe3 Bxd5
23.Rae1 Nxc3 24.Bc6 Bxd4 25.Qxd4 Bxc6 26.Qxc3 Bd5 27.Qd2 Qg5 28.Qxg5 hxg5
29.Rc1 c6 30.a4 Rd8 31.Rfd1 Be4 32.Rd4 f5 33.a5 Kf7 34.axb6  0-1

[Event "18th BCC Open 2018"]
[Site "Cha-Am THA"]
[Date "2018.04.20"]
[Round "8.3"]
[White "Short,N"]
[Black "Neelotpal,D"]
[Result "1-0"]
[WhiteElo "2662"]
[BlackElo "2468"]

1.Nf3 d5 2.g3 c6 3.Bg2 Bf5 4.c4 e6 5.cxd5 exd5 6.O-O Nf6 7.d3 Be7 8.Qb3 Qb6
9.Qc2 O-O 10.Nc3 Na6 11.a3 Rfe8 12.b4 h6 13.Bb2 Bh7 14.Rac1 Bf8 15.Bh3 Nb8
16.Na4 Qd8 17.Nc5 b6 18.Nb3 Nbd7 19.Qxc6 Rxe2 20.Qc3 Re8 21.Nbd4 Qc8 22.Qd2 Qb7
23.Nb5 Rac8 24.Rxc8 Rxc8 25.Bxf6 gxf6 26.Re1 Rd8 27.d4 Qc6 28.Nc3 b5 29.Nh4 Nb6
30.Bf5 Bxf5 31.Nxf5 Rc8 32.Nd1 Re8 33.Nde3 Nc4 34.Qd1 Nxa3 35.Qg4+ Kh7 36.Qh5 Kg8
37.Ra1 a5 38.Ng4 axb4 39.Ngxh6+  1-0

[Event "18th BCC Open 2018"]
[Site "Cha-Am THA"]
[Date "2018.04.21"]
[Round "9.1"]
[White "Priasmoro,Novendra"]
[Black "Short,N"]
[Result "1/2-1/2"]
[WhiteElo "2449"]
[BlackElo "2662"]

1.e4 e6 2.d4 d5 3.Nc3 Bb4 4.e5 Ne7 5.Bd2 c5 6.Nb5 Bxd2+ 7.Qxd2 O-O 8.f4 Bd7
9.dxc5 Bxb5 10.Bxb5 Qc7 11.Nf3 Qxc5 12.Bd3 Nbc6 13.a3 f6 14.exf6 Rxf6 15.O-O-O h6
16.Rhf1 Raf8 17.g3 b5 18.Kb1 b4 19.a4 Nf5 20.Bxf5 Rxf5 21.Rfe1 Qd6 22.Nd4 Nxd4
23.Qxd4 R8f7 24.Re2 Rc7 25.Rde1 Rf6 26.h4 a5 27.b3 Kf7 28.Re5 Qc5  1/2-1/2

[Event "19th BCC Open 2019"]
[Site "Bangkok THA"]
[Date "2019.04.06"]
[Round "1.1"]
[White "Short,N"]
[Black "Avinash,Ramesh"]
[Result "1-0"]
[WhiteElo "2636"]
[BlackElo "1834"]

1.Nf3 Nf6 2.c4 g6 3.b4 Bg7 4.Bb2 O-O 5.g3 d5 6.Na3 b6 7.Bg2 Bb7 8.O-O Na6
9.b5 Nc5 10.d4 Nce4 11.Ne5 a6 12.Nc6 Qd7 13.Qc2 axb5 14.Ne5 Qd8 15.cxb5 Qd6
16.Nb1 Ra5 17.a4 Rfa8 18.f3 Ng5 19.Nd2 Qd8 20.Rfc1 Ne8 21.f4 Ne6 22.Qb3 Nf8
23.e3 e6 24.Bc3 R5a7 25.Bb4 Nd7 26.Bf1 f6 27.Nc6 Bxc6 28.Rxc6 Kf7 29.Rxe6 Nb8
30.Re7+ Kg8 31.Bg2 Bf8 32.Qxd5+  1-0

[Event "19th BCC Open 2019"]
[Site "Bangkok THA"]
[Date "2019.04.08"]
[Round "3.19"]
[White "Short,N"]
[Black "Nouri,Alekhine"]
[Result "1-0"]
[WhiteElo "2636"]
[BlackElo "2001"]

1.g3 Nf6 2.Bg2 g6 3.e4 d6 4.d4 c5 5.dxc5 Qa5+ 6.Nc3 Qxc5 7.Nge2 Bg7 8.h3 O-O
9.O-O Nc6 10.Be3 Qa5 11.a4 a6 12.Nd5 Nxd5 13.exd5 Ne5 14.Bd4 Nd7 15.Re1 Nf6
16.Nf4 Re8 17.c4 h5 18.Qb3 Qc7 19.a5 Bf5 20.Qc3 Qd7 21.Kh2 Rac8 22.b3 Rb8
23.Ra2 Kh7 24.Rae2 Kg8 25.f3 Bh6 26.Be3 Bg7 27.Qd2 Qc8 28.Ba7 Ra8 29.Bd4 Qd8
30.g4 hxg4 31.fxg4 Bd7 32.g5 Nh7 33.Bxg7 Kxg7 34.Qd4+ Kg8 35.h4 Bf5 36.Bh3 Qd7
37.Nxg6 fxg6 38.Re6 Nf8 39.Bxf5 gxf5 40.h5 Nxe6 41.dxe6  1-0

[Event "19th BCC Open 2019"]
[Site "Bangkok THA"]
[Date "2019.04.09"]
[Round "4.8"]
[White "Langreck,J"]
[Black "Short,N"]
[Result "0-1"]
[WhiteElo "2203"]
[BlackElo "2636"]

1.e4 c5 2.d4 cxd4 3.c3 dxc3 4.Nxc3 e6 5.Nf3 a6 6.Bc4 b5 7.Bb3 Bb7 8.Qe2 Ne7
9.O-O Nbc6 10.Bg5 h6 11.Bh4 g5 12.Bg3 Ng6 13.Nd5 Rc8 14.Qe3 g4 15.Nd2 Nce5
16.Nc3 Bc5 17.Qe2 Qg5 18.Kh1 Nf4 19.Bxf4 Qxf4 20.Rac1 h5 21.a4 b4 22.Nd1 Nf3  0-1

[Event "19th BCC Open 2019"]
[Site "Bangkok THA"]
[Date "2019.04.10"]
[Round "5.2"]
[White "Kunte,A"]
[Black "Short,N"]
[Result "0-1"]
[WhiteElo "2485"]
[BlackElo "2636"]

1.Nf3 d5 2.d4 Nf6 3.c4 e6 4.g3 dxc4 5.Bg2 a6 6.O-O Nc6 7.e3 Bd7 8.Qe2 b5
9.b3 cxb3 10.axb3 Be7 11.Bd2 O-O 12.Rc1 Bd6 13.Ne1 Qe8 14.Nd3 e5 15.Bxc6 Bxc6
16.Rxc6 Qxc6 17.dxe5 Bxe5 18.Nxe5 Qd5 19.Nf3 Qxb3 20.Ba5 c5 21.Nbd2 Qe6 22.e4 Rfe8
23.e5 Nd7 24.Re1 f6 25.Bc3 h6 26.Ne4 fxe5 27.Rd1 Ra7 28.Nh4 b4 29.Bd2 Rc7
30.Be3 Rc6 31.Qd2 Re7 32.Nd6 Nf8 33.f4 Rd7 34.fxe5 Qxe5 35.Nhf5 Ne6 36.Bf4 Nxf4
37.gxf4 Qe6 38.Nxh6+ gxh6  0-1

[Event "19th BCC Open 2019"]
[Site "Bangkok THA"]
[Date "2019.04.11"]
[Round "6.2"]
[White "Short,N"]
[Black "Susilodinata,A"]
[Result "1-0"]
[WhiteElo "2636"]
[BlackElo "2296"]

1.d4 d5 2.Bf4 Nf6 3.e3 e6 4.Nf3 c5 5.Nbd2 Be7 6.c3 O-O 7.Bd3 b6 8.Ne5 Bb7
9.Qf3 Nfd7 10.Qh3 g6 11.Ndf3 Nxe5 12.dxe5 Ba6 13.Bc2 Nc6 14.Qh6 f5 15.g4 Rf7
16.gxf5 exf5 17.Rg1 Qd7 18.h4 Bf8 19.Qg5 Re8 20.h5 Rg7 21.hxg6 Rxg6 22.Bxf5 Re6
23.Qh5 Rxg1+ 24.Nxg1 Nd8 25.O-O-O Kh8 26.Nh3 Qb7 27.Bg5  1-0

[Event "19th BCC Open 2019"]
[Site "Bangkok THA"]
[Date "2019.04.12"]
[Round "7.1"]
[White "Short,N"]
[Black "Gustafsson,J"]
[Result "1/2-1/2"]
[WhiteElo "2636"]
[BlackElo "2633"]

1.d4 Nf6 2.Nf3 d5 3.c4 e6 4.Nc3 dxc4 5.e4 Bb4 6.Bg5 c5 7.Bxc4 cxd4 8.Nxd4 Bxc3+
9.bxc3 Qa5 10.Bxf6 Qxc3+ 11.Kf1 gxf6 12.Rc1 Qa5 13.g3 Ke7 14.Kg2 Rd8 15.Nf5+ exf5
16.Qh5 Rf8 17.Rhe1 Nc6 18.exf5+ Kd6 19.Qh6 Bd7 20.Qf4+ Ne5 21.Qd4+ Ke7 22.Bd5 Rfd8
23.Rxe5+ fxe5 24.Qxe5+ Kf8 25.Qh8+ Ke7 26.Qe5+ Kf8 27.Qh8+  1/2-1/2

[Event "19th BCC Open 2019"]
[Site "Bangkok THA"]
[Date "2019.04.13"]
[Round "8.2"]
[White "Sengupta,D"]
[Black "Short,N"]
[Result "1-0"]
[WhiteElo "2551"]
[BlackElo "2636"]

1.e4 e5 2.Nf3 Nc6 3.Bb5 a6 4.Ba4 Nf6 5.d3 d6 6.c3 Bd7 7.O-O h6 8.Re1 Ne7
9.d4 Ng6 10.Nbd2 Be7 11.Nf1 Bxa4 12.Qxa4+ Qd7 13.Qb3 O-O 14.Ng3 Rfe8 15.h3 b5
16.a4 exd4 17.Nxd4 c5 18.Ndf5 Bf8 19.axb5 axb5 20.Rxa8 Rxa8 21.c4 bxc4 22.Qxc4 Qe6
23.Qc3 Rb8 24.Bd2 Ne5 25.Qc2 h5 26.Bc3 g6 27.f4 Nc6 28.Nh4 Nd4 29.Qf2 Bg7
30.f5 Qe8 31.Nf3 Nxf3+ 32.Qxf3 Nd7 33.f6 Ne5 34.Bxe5 Qxe5 35.fxg7 Rxb2 36.Rf1 Rb7
37.Ne2 Kxg7 38.Qc3 Qxc3 39.Nxc3 Rb4 40.Rd1 Rc4 41.Rd3 Kf8 42.Kf2 h4 43.Kf3 Ke7
44.Nd5+ Ke6 45.Nc7+ Ke7 46.Nb5 Rb4 47.Nxd6 c4 48.Nc8+ Ke6 49.Rd6+ Ke5 50.Rd5+ Ke6
51.Kf4 f6 52.Rd6+ Kf7 53.Rc6 Rb2 54.Kf3 Rb3+ 55.Kf2 c3 56.Nb6 c2 57.Nd5 Rb2
58.Kf3  1-0

[Event "19th BCC Open 2019"]
[Site "Bangkok THA"]
[Date "2019.04.14"]
[Round "9.3"]
[White "Short,N"]
[Black "Lou Yiping"]
[Result "1/2-1/2"]
[WhiteElo "2636"]
[BlackElo "2482"]

1.e4 e6 2.d4 d5 3.Nc3 Nf6 4.Bg5 dxe4 5.Nxe4 Nbd7 6.Nxf6+ Nxf6 7.c3 h6 8.Bh4 Qd5
9.Nf3 Bd7 10.Be2 Bb5 11.O-O Bxe2 12.Qxe2 Be7 13.Rfe1 c6 14.c4 Qa5 15.Ne5 O-O
16.Bxf6 Bxf6 17.Nd7 Rfd8 18.Nxf6+ gxf6 19.Red1 Rd7 20.Qf3 Rad8 21.Qxf6 Qg5
22.Qf3 Rxd4 23.b3 Rxd1+ 24.Rxd1 Rd2 25.a4 Rxd1+ 26.Qxd1 b5 27.h4 Qxh4 28.axb5 cxb5
29.c5 Qe4 30.Qc1 Qc6 31.b4 e5 32.Qc3 Qc7 33.c6 a6 34.g4 Kf8 35.Qc5+ Kg7 36.Kg2 Kf6
37.Kh3 Ke6 38.f3 Kf6 39.Qc1 Ke6 40.Qc5 Kf6 41.Qc1  1/2-1/2